[Event "Vienna Chess Open 2019"]
[Site "Vienna"]
[Date "2019.08.19"]
[Round "4.1"]
[White "Palac, Mladen"]
[Black "Valmana Canto, Jaime"]
[Result "1-0"]
[WhiteElo "2551"]
[BlackElo "2406"]
[Annotator "ChessBase"]
[PlyCount "59"]
[EventDate "2019.08.17"]
[EventType "swiss"]
[EventCountry "AUT"]
[SourceTitle "playchess.com"]
[Source "ChessBase"]
[SourceQuality "1"]
[TimeControl "40/5400+30:1800+30"]

1. e4 {[%emt 0:06:35]} e6 {[%emt 0:00:00]} 2. d4 {[%emt 0:00:17]} d5 {[%emt 0:00:00]} 3. Nc3 {[%emt 0:00:04]} Nf6 {[%emt 0:00:00]} 4. e5 {[%emt 0:00:24]} Nfd7 {[%emt 0:00:05]} 5. f4 {[%emt 0:00:04]} c5 {[%emt 0:00:06]} 6. Nf3 {[%emt 0:00:01]} Nc6 {[%emt 0:00:07]} 7. Be3 {[%emt 0:00:03]} Be7 {[%emt 0:00:30]} 8. Qd2 {[%emt 0:00:19]} O-O {[%emt 0:00:11]} 9. dxc5 {[%emt 0:00:07]} Qa5 {[%emt 0:00:09]} 10. Nd4 {[%emt 0:10:36]} Bxc5 {[%emt 0:03:32]} 11. Nb3 {[%emt 0:04:45]} Bxe3 {[%emt 0:00:14]} 12. Qxe3 {[%emt 0:00:02]} Qb6 {[%emt 0:02:32]} 13. Qxb6 {[%emt 0:01:34]} axb6 {[%emt 0:00:10]} 14. O-O-O {[%emt 0:04:51]} f6 {[%emt 0:06:09]} 15. exf6 {[%emt 0:00:09]} Nxf6 {[%emt 0:00:07]} 16. g3 {[%emt 0:07:22]} Ng4 {[%emt 0:35:23]} 17. Rd2 {[%emt 0:00:29]} e5 {[%emt 0:01:59]} 18. Nxd5 {[%emt 0:06:53]} exf4 {[%emt 0:14:05]} 19. Nxb6 {[%emt 0:04:30]} Bf5 {[%emt 0:12:01]} 20. Bc4+ {[%emt 0:02:36]} Kh8 {[%emt 0:00:08]} 21. Nxa8 {[%emt 0:00:02]} Rxa8 {[%emt 0:01:02]} 22. gxf4 {[%emt 0:02:37]} Rxa2 {[%emt 0:02:31]} 23. Kb1 {[%emt 0:02:26]} Ra8 {[%emt 0:01:18]} 24. Nd4 {[%emt 0:00:16]} Nxd4 {[%emt 0:00:38]} 25. Rxd4 {[%emt 0:00:01]} g6 {[%emt 0:01:22]} 26. Bd3 {[%emt 0:00:22]} Be6 {[%emt 0:00:30]} 27. b3 {[%emt 0:01:01]} Rf8 {[%emt 0:03:21]} 28. Re1 {[%emt 0:00:34]} Bc8 {[%emt 0:00:19]} 29. Rc4 {[%emt 0:03:59]} Nf6 {[%emt 0:01:34]} 30. Re5 {[%emt 0:02:00]} 1-0

[Event "Vienna Chess Open 2019"]
[Site "Vienna"]
[Date "2019.08.19"]
[Round "4.1"]
[White "Valsecchi, Alessio"]
[Black "Vardaan Nagpal"]
[Result "1/2-1/2"]
[WhiteElo "2494"]
[BlackElo "2343"]
[Annotator "ChessBase"]
[PlyCount "78"]
[EventDate "2019.08.17"]
[EventType "swiss"]
[EventCountry "AUT"]
[SourceTitle "playchess.com"]
[Source "ChessBase"]
[SourceQuality "1"]
[TimeControl "40/5400+30:1800+30"]

1. e4 {[%emt 0:03:50]} e5 {[%emt 0:00:00]} 2. Nf3 {[%emt 0:00:07]} Nf6 {[%emt 0:00:00]} 3. Nxe5 {[%emt 0:02:40]} d6 {[%emt 0:00:00]} 4. Nf3 {[%emt 0:00:15]} Nxe4 {[%emt 0:00:00]} 5. Bd3 {[%emt 0:00:13]} Nf6 {[%emt 0:05:15]} 6. O-O {[%emt 0:00:11]} Be7 {[%emt 0:00:06]} 7. h3 {[%emt 0:00:08]} O-O {[%emt 0:02:40]} 8. c3 {[%emt 0:00:06]} Re8 {[%emt 0:10:09]} 9. Bc2 {[%emt 0:00:22]} Nbd7 {[%emt 0:00:16]} 10. d4 {[%emt 0:00:23]} Bf8 {[%emt 0:02:57]} 11. Bg5 {[%emt 0:03:32]} g6 {[%emt 0:05:52]} 12. Nbd2 {[%emt 0:01:25]} Bg7 {[%emt 0:00:23]} 13. Nh2 {[%emt 0:06:07]} h6 {[%emt 0:13:52]} 14. Bh4 {[%emt 0:00:21]} d5 {[%emt 0:07:27]} 15. Ng4 {[%emt 0:11:53]} g5 {[%emt 0:00:43]} 16. Bg3 {[%emt 0:00:38]} Nxg4 {[%emt 0:00:34]} 17. hxg4 {[%emt 0:01:17]} Nf8 {[%emt 0:07:38]} 18. Qf3 {[%emt 0:11:12]} Be6 {[%emt 0:08:36]} 19. Rfe1 {[%emt 0:00:23]} Qd7 {[%emt 0:01:58]} 20. Bf5 {[%emt 0:00:26]} c6 {[%emt 0:06:01]} 21. Nf1 {[%emt 0:02:22]} Bxf5 {[%emt 0:01:12]} 22. gxf5 {[%emt 0:00:32]} f6 {[%emt 0:00:19]} 23. Bh2 {[%emt 0:05:52]} Rxe1 {[%emt 0:01:46]} 24. Rxe1 {[%emt 0:00:03]} Re8 {[%emt 0:00:04]} 25. Re3 {[%emt 0:00:20]} Rxe3 {[%emt 0:05:45]} 26. Nxe3 {[%emt 0:01:59]} Qe8 {[%emt 0:01:36]} 27. g4 {[%emt 0:01:57]} Nd7 {[%emt 0:04:17]} 28. b3 {[%emt 0:02:25]} Nb6 {[%emt 0:00:52]} 29. a4 {[%emt 0:05:24]} Bf8 {[%emt 0:01:10]} 30. a5 {[%emt 0:03:51]} Nc8 {[%emt 0:00:08]} 31. c4 {[%emt 0:00:57]} dxc4 {[%emt 0:00:09]} 32. bxc4 {[%emt 0:01:22]} Bd6 {[%emt 0:02:01]} 33. c5 {[%emt 0:09:02]} Bxh2+ {[%emt 0:01:58]} 34. Kxh2 {[%emt 0:00:01]} Kf7 {[%emt 0:00:36]} 35. Kg1 {[%emt 0:09:14]} Qd7 {[%emt 0:03:22]} 36. Qe4 {[%emt 0:00:30]} Ne7 {[%emt 0:00:58]} 37. Nc4 {[%emt 0:00:18]} Nd5 {[%emt 0:00:26]} 38. Nd6+ {[%emt 0:04:30]} Kf8 {[%emt 0:00:01]} 39. Nc4 {[%emt 0:07:34]} Nc3 {[%emt 0:02:56]} 1/2-1/2

[Event "Vienna Chess Open 2019"]
[Site "Vienna"]
[Date "2019.08.19"]
[Round "4.1"]
[White "Fernandez Garcia, Jose Luis"]
[Black "Sadilek, Peter"]
[Result "0-1"]
[WhiteElo "2283"]
[BlackElo "2407"]
[Annotator "TA"]
[PlyCount "82"]
[EventDate "2019.08.17"]
[EventType "swiss"]
[EventCountry "AUT"]
[SourceTitle "playchess.com"]
[Source "ChessBase"]
[SourceQuality "1"]

{[%evp 15,82,4,29,20,6,10,11,10,33,20,29,27,28,21,29,22,28,21,39,45,60,0,0,-26,-13,-100,-99,-138,-77,-80,-83,-87,-85,-77,-71,-79,-85,-88,0,-6,0,-12,-12,-14,0,-9,-11,-14,0,-2,-2,-3,0,0,-8,-38,-48,-50,-50,-278,-285,-29990,-918,-4686,-8,-130,-169,-29990,-29991]} 1. e4 g6 2. d4 Bg7 3. Nc3 d6 4. f4 Nf6 5. Nf3 O-O 6. e5 dxe5 7. fxe5 Nd5 8. Bc4 Be6 {aiming for ...Nxc3.} 9. Bxd5 {B09: Pirc Defence: Austrian Attack} ({Predecessor:} 9. Qe2 c5 10. Bxd5 Bxd5 11. Nxd5 {½-½ (59) Gaponenko,I (2416)-Drljevic,L (2207) Baku 2016}) 9... Bxd5 10. Nxd5 Qxd5 11. Qe2 {The position is equal.} c5 $146 (11... Nc6 12. c4 Qa5+ 13. Bd2 Qa6 14. d5 Na5 15. Rc1 b6 16. O-O Rad8 17. Bg5 f6 18. Bh4 Nb7 19. Nd4 Nc5 20. b4 Rxd5 21. cxd5 {1-0 (21) Salem,A (2656)-Mamedov,R (2688) Doha 2016}) 12. c4 Qd7 13. d5 e6 14. d6 f6 15. exf6 Bxf6 16. Bh6 Rf7 $1 17. O-O-O Nc6 18. Rhe1 (18. Qe4 $14) 18... Re8 $11 19. Be3 b6 $1 20. Nd2 (20. Bf2 $11 {keeps the balance.}) 20... Qxd6 $17 21. Ne4 Qe5 ({Black should try} 21... Qxh2 22. Kb1 Be7) 22. Nd6 {[%mdl 64] Double Attack} Nd4 $1 {[%cal Rd4e2]} 23. Rxd4 cxd4 24. Nxe8 {Black must now prevent Bd2.} dxe3 25. Nxf6+ Rxf6 26. Qxe3 Qxe3+ (26... Qxh2 $17 27. g3 Qh3) 27. Rxe3 {[%mdl 4096] Endgame KR-KR} Rf2 28. g3 Rxh2 29. Rxe6 Rh3 30. Re3 h5 {next ...h4 is good for Black.} 31. Kd2 a5 32. Rb3 Kf7 33. Ke2 g5 34. Kf2 {Kg2 is the strong threat.} h4 35. Rxb6 (35. Kg2 $5 {[%cal Rg2h3]} Rxg3+ 36. Rxg3 hxg3 37. Kxg3 $11) 35... Rxg3 36. c5 $1 Rg4 37. b3 $2 (37. a3 $1 $15) 37... h3 $1 $19 38. c6 $2 (38. Rh6 $19 Rg2+ 39. Ke3) 38... Rg2+ (38... h2 $142 39. Rb7+ Kg6 40. Re7 h1=Q 41. Ke2 Qh2+ 42. Kd3 Qd6+ $1 {[%mdl 576] Double Attack} 43. Ke2 Qxe7+ 44. Kd3 Rg3+ 45. Kd2 Qe5 46. Kd1 Rg2 47. Kc1 Qe1#) 39. Kf3 Rc2 $2 {[#]} (39... g4+ $19 40. Kf4 h2 41. Rb7+ Kg6) 40. Rb7+ {[#]} (40. c7 $1 $11 {[%mdl 512]}) 40... Kg6 $1 $17 {[%mdl 512] ( -> ...h2)} 41. c7 $2 (41. Rb8 $19) 41... h2 {Accuracy: White = 33%, Black = 64%.} 0-1

[Event "Vienna Chess Open 2019"]
[Site "Vienna"]
[Date "2019.08.19"]
[Round "4.2"]
[White "Kowalski, Igor"]
[Black "Cvitan, Ognjen"]
[Result "1/2-1/2"]
[WhiteElo "2493"]
[BlackElo "2493"]
[Annotator "ChessBase"]
[PlyCount "40"]
[EventDate "2019.08.17"]
[EventType "swiss"]
[EventCountry "AUT"]
[SourceTitle "playchess.com"]
[Source "ChessBase"]
[SourceQuality "1"]
[TimeControl "40/5400+30:1800+30"]

1. d4 {[%emt 0:00:00]} Nf6 {[%emt 0:00:38]} 2. c4 {[%emt 0:00:00]} e6 {[%emt 0:01:10]} 3. Nf3 {[%emt 0:00:00]} d5 {[%emt 0:02:08]} 4. Nc3 {[%emt 0:00:00]} Be7 {[%emt 0:01:59]} 5. Bf4 {[%emt 0:00:00]} O-O {[%emt 0:00:19]} 6. e3 {[%emt 0:00:00]} c5 {[%emt 0:00:17]} 7. dxc5 {[%emt 0:00:09]} Bxc5 {[%emt 0:00:08]} 8. Qc2 {[%emt 0:01:56]} Nc6 {[%emt 0:01:45]} 9. a3 {[%emt 0:00:06]} Qa5 {[%emt 0:00:34]} 10. Nd2 {[%emt 0:00:08]} Be7 {[%emt 0:07:15]} 11. Nb3 {[%emt 0:00:26]} Qb6 {[%emt 0:05:32]} 12. O-O-O {[%emt 0:01:34]} Bd7 {[%emt 0:07:39]} 13. g4 {[%emt 0:10:54]} Rfc8 {[%emt 0:04:05]} 14. g5 {[%emt 0:03:50]} Nh5 {[%emt 0:02:04]} 15. cxd5 {[%emt 0:04:22]} Nxf4 {[%emt 0:02:36]} 16. exf4 {[%emt 0:00:53]} Na5 {[%emt 0:00:17]} 17. Nxa5 {[%emt 0:01:09]} Qxa5 {[%emt 0:00:05]} 18. Rd3 {[%emt 0:10:56]} Bd6 {[%emt 0:13:06]} 19. Qd2 {[%emt 0:02:37]} e5 {[%emt 0:00:15]} 20. Bh3 {[%emt 0:00:39]} Bxh3 {[%emt 0:05:33]} 1/2-1/2

[Event "Vienna Chess Open 2019"]
[Site "Vienna"]
[Date "2019.08.19"]
[Round "4.2"]
[White "Ravi, Teja S."]
[Black "Nasuta, Grzegorz"]
[Result "1-0"]
[WhiteElo "2420"]
[BlackElo "2533"]
[Annotator "ChessBase"]
[PlyCount "73"]
[EventDate "2019.08.17"]
[EventType "swiss"]
[EventCountry "AUT"]
[SourceTitle "playchess.com"]
[Source "ChessBase"]
[SourceQuality "1"]
[TimeControl "40/5400+30:1800+30"]

1. d4 {[%emt 0:00:00]} d5 {[%emt 0:00:00]} 2. c4 {[%emt 0:00:30]} c6 {[%emt 0:00:00]} 3. Nf3 {[%emt 0:01:58]} Nf6 {[%emt 0:00:01]} 4. e3 {[%emt 0:00:16]} Bg4 {[%emt 0:00:07]} 5. h3 {[%emt 0:00:09]} Bh5 {[%emt 0:00:05]} 6. g4 {[%emt 0:00:06]} Bg6 {[%emt 0:00:06]} 7. Ne5 {[%emt 0:00:03]} Nbd7 {[%emt 0:04:38]} 8. Nxg6 {[%emt 0:00:11]} hxg6 {[%emt 0:00:06]} 9. Qb3 {[%emt 0:01:16]} e6 {[%emt 0:11:37]} 10. Qxb7 {[%emt 0:02:48]} Nxg4 {[%emt 0:02:46]} 11. Qxc6 {[%emt 0:06:56]} Rc8 {[%emt 0:25:30]} 12. Qa6 {[%emt 0:02:57]} dxc4 {[%emt 0:03:21]} 13. Nc3 {[%emt 0:01:23]} Rh5 {[%emt 0:16:22]} 14. Qxa7 {[%emt 0:15:45]} Ra5 {[%emt 0:12:26]} 15. Qb7 {[%emt 0:00:09]} Ngf6 {[%emt 0:00:04]} 16. Qf3 {[%emt 0:04:45]} Qb6 {[%emt 0:01:33]} 17. Bg2 {[%emt 0:01:10]} e5 {[%emt 0:05:12]} 18. O-O {[%emt 0:02:09]} exd4 {[%emt 0:05:01]} 19. exd4 {[%emt 0:01:06]} Bd6 {[%emt 0:06:24]} 20. a4 {[%emt 0:06:07]} Rf5 {[%emt 0:03:33]} 21. Qb7 {[%emt 0:00:35]} Qxb7 {[%emt 0:00:56]} 22. Bxb7 {[%emt 0:00:02]} Rb8 {[%emt 0:00:05]} 23. Ba6 {[%emt 0:00:40]} Bf4 {[%emt 0:00:59]} 24. Re1+ {[%emt 0:03:31]} Kf8 {[%emt 0:00:01]} 25. Re2 {[%emt 0:00:18]} Bxc1 {[%emt 0:00:23]} 26. Rxc1 {[%emt 0:00:01]} Nb6 {[%emt 0:00:19]} 27. Bb5 {[%emt 0:02:53]} Rd8 {[%emt 0:01:19]} 28. Rce1 {[%emt 0:01:43]} Kg8 {[%emt 0:00:15]} 29. d5 {[%emt 0:01:58]} Kh7 {[%emt 0:00:46]} 30. Re5 {[%emt 0:00:34]} Rf4 {[%emt 0:00:29]} 31. a5 {[%emt 0:01:43]} Nbxd5 {[%emt 0:00:29]} 32. Rd1 {[%emt 0:00:44]} Nxc3 {[%emt 0:00:32]} 33. Rxd8 {[%emt 0:00:05]} Nce4 {[%emt 0:00:02]} 34. Rd4 {[%emt 0:01:02]} Rxf2 {[%emt 0:00:52]} 35. Rdxe4 {[%emt 0:00:08]} Nxe4 {[%emt 0:00:08]} 36. Rxe4 {[%emt 0:00:03]} Rxb2 {[%emt 0:00:36]} 37. Bxc4 {[%emt 0:00:02]} 1-0

[Event "Vienna Chess Open 2019"]
[Site "Vienna"]
[Date "2019.08.19"]
[Round "4.2"]
[White "Schwabeneder, Florian"]
[Black "Lechner, Daniel"]
[Result "1-0"]
[WhiteElo "2404"]
[BlackElo "2404"]
[Annotator "NA"]
[PlyCount "51"]
[EventDate "2019.08.17"]
[EventType "swiss"]
[EventCountry "AUT"]
[SourceTitle "playchess.com"]
[Source "ChessBase"]
[SourceQuality "1"]
[TimeControl "40/5400+30:1800+30"]

1. Nf3 {[%emt 0:00:00]} c5 {[%emt 0:00:00]} 2. g3 {[%emt 0:01:12]} d5 {[%emt 0:03:03]} 3. Bg2 {[%emt 0:01:17]} Nf6 {[%emt 0:00:10]} 4. O-O {[%emt 0:01:31]} e6 {[%emt 0:00:30]} 5. c4 {[%emt 0:03:52]} d4 {[%emt 0:00:41]} 6. e3 {[%emt 0:00:16]} Nc6 {[%emt 0:00:31]} 7. exd4 {[%emt 0:00:09]} cxd4 {[%emt 0:00:05]} 8. d3 {[%emt 0:00:49]} Bd6 {[%emt 0:03:49]} 9. Na3 {[%emt 0:06:50]} O-O {[%emt 0:06:04]} 10. Nc2 {[%emt 0:12:26]} e5 {[%emt 0:06:14]} 11. b4 {[%emt 0:01:42]} Re8 {[%emt 0:15:48]} 12. b5 {[%emt 0:09:22]} Ne7 {[%emt 0:16:18]} 13. Re1 {[%emt 0:15:01]} Nd7 {[%emt 0:11:34]} 14. Ng5 {[%emt 0:06:57]} Nf8 {[%emt 0:04:56]} 15. a4 {[%emt 0:12:08]} Rb8 {[%emt 0:01:45]} 16. a5 {[%emt 0:01:16]} Ne6 {[%emt 0:02:30]} 17. Nxe6 {[%emt 0:08:35]} Bxe6 {[%emt 0:00:08]} 18. Bd2 {[%emt 0:01:50]} Qd7 {[%emt 0:07:23]} 19. Nb4 {[%emt 0:01:39]} f6 {[%emt 0:03:29]} 20. Qa4 {[%emt 0:02:38]} Kf8 {[%emt 0:03:35]} 21. a6 {[%emt 0:00:41]} b6 {[%emt 0:00:29]} 22. Nc6 {[%emt 0:00:18]} Rbc8 {[%emt 0:02:34]} 23. Bb4 {[%emt 0:01:30]} Rc7 {[%emt 0:02:44]} 24. Rac1 {[%emt 0:03:21]} Bxb4 {[%emt 0:02:45]} 25. Qxb4 {[%emt 0:00:09]} Kf7 {[%emt 0:00:12]} 26. Rxe5 {[%emt 0:01:56]} 1-0

[Event "Vienna Chess Open 2019"]
[Site "Vienna"]
[Date "2019.08.19"]
[Round "4.3"]
[White "Shengelia, David"]
[Black "Bick, Gabriel"]
[Result "0-1"]
[WhiteElo "2523"]
[BlackElo "2375"]
[Annotator "ChessBase"]
[PlyCount "48"]
[EventDate "2019.08.17"]
[EventType "swiss"]
[EventCountry "AUT"]
[SourceTitle "playchess.com"]
[Source "ChessBase"]
[SourceQuality "1"]
[TimeControl "40/5400+30:1800+30"]

1. d4 {[%emt 0:00:00]} Nf6 {[%emt 0:00:00]} 2. g3 {[%emt 0:00:10]} d5 {[%emt 0:00:07]} 3. Bg2 {[%emt 0:00:34]} e6 {[%emt 0:00:23]} 4. Nf3 {[%emt 0:00:21]} b5 {[%emt 0:00:45]} 5. O-O {[%emt 0:01:23]} Bb7 {[%emt 0:00:50]} 6. c3 {[%emt 0:11:19]} c5 {[%emt 0:06:26]} 7. Bg5 {[%emt 0:17:22]} Nbd7 {[%emt 0:14:04]} 8. Nbd2 {[%emt 0:07:35]} Be7 {[%emt 0:13:38]} 9. a4 {[%emt 0:09:06]} a6 {[%emt 0:10:17]} 10. dxc5 {[%emt 0:08:30]} Nxc5 {[%emt 0:01:52]} 11. axb5 {[%emt 0:00:23]} axb5 {[%emt 0:00:10]} 12. Nd4 {[%emt 0:02:03]} Qb6 {[%emt 0:05:04]} 13. Rxa8+ {[%emt 0:13:21]} Bxa8 {[%emt 0:00:02]} 14. b4 {[%emt 0:00:28]} Na4 {[%emt 0:06:47]} 15. Qb3 {[%emt 0:00:07]} O-O {[%emt 0:02:23]} 16. Ra1 {[%emt 0:00:16]} Rc8 {[%emt 0:26:38]} 17. Nxb5 {[%emt 0:01:12]} Ng4 {[%emt 0:05:25]} 18. Bxe7 {[%emt 0:04:35]} Qxf2+ {[%emt 0:00:03]} 19. Kh1 {[%emt 0:00:04]} d4 {[%emt 0:00:04]} 20. Nf3 {[%emt 0:00:39]} Ne3 {[%emt 0:01:34]} 21. Rg1 {[%emt 0:08:33]} Nxc3 {[%emt 0:03:08]} 22. Nbxd4 {[%emt 0:05:17]} Nxe2 {[%emt 0:00:19]} 23. Nxe2 {[%emt 0:04:00]} Bxf3 {[%emt 0:00:25]} 24. Nf4 {[%emt 0:02:53]} Rc1 {[%emt 0:00:15]} 0-1

[Event "Vienna Chess Open 2019"]
[Site "Vienna"]
[Date "2019.08.19"]
[Round "4.3"]
[White "Blohberger, Felix"]
[Black "Zamengo, Fulvio"]
[Result "1-0"]
[WhiteElo "2467"]
[BlackElo "2342"]
[Annotator "ChessBase"]
[PlyCount "77"]
[EventDate "2019.08.17"]
[EventType "swiss"]
[EventCountry "AUT"]
[SourceTitle "playchess.com"]
[Source "ChessBase"]
[SourceQuality "1"]
[TimeControl "40/5400+30:1800+30"]

1. Nf3 {[%emt 0:00:00]} Nf6 {[%emt 0:05:27]} 2. g3 {[%emt 0:00:00]} b6 {[%emt 0:00:57]} 3. Bg2 {[%emt 0:00:00]} Bb7 {[%emt 0:00:08]} 4. c4 {[%emt 0:00:03]} c5 {[%emt 0:02:08]} 5. O-O {[%emt 0:00:40]} g6 {[%emt 0:00:25]} 6. b3 {[%emt 0:00:13]} Bg7 {[%emt 0:00:07]} 7. Bb2 {[%emt 0:00:05]} O-O {[%emt 0:00:09]} 8. d4 {[%emt 0:01:18]} d5 {[%emt 0:02:23]} 9. cxd5 {[%emt 0:18:35]} cxd4 {[%emt 0:07:28]} 10. Qxd4 {[%emt 0:03:31]} Qxd5 {[%emt 0:01:21]} 11. Qxd5 {[%emt 0:01:08]} Bxd5 {[%emt 0:05:10]} 12. Nc3 {[%emt 0:09:08]} Bc6 {[%emt 0:04:55]} 13. Rac1 {[%emt 0:02:30]} Nbd7 {[%emt 0:11:57]} 14. Ba3 {[%emt 0:03:46]} Nc5 {[%emt 0:16:50]} 15. Bxc5 {[%emt 0:06:53]} bxc5 {[%emt 0:00:07]} 16. Ne5 {[%emt 0:06:14]} Bxg2 {[%emt 0:00:14]} 17. Kxg2 {[%emt 0:00:04]} Rfc8 {[%emt 0:02:02]} 18. Nc4 {[%emt 0:03:35]} Ne8 {[%emt 0:12:43]} 19. Na4 {[%emt 0:01:44]} Rc7 {[%emt 0:00:06]} 20. Rc2 {[%emt 0:01:04]} Rac8 {[%emt 0:03:19]} 21. Rfc1 {[%emt 0:03:12]} Bf8 {[%emt 0:00:07]} 22. Ne5 {[%emt 0:16:40]} e6 {[%emt 0:00:06]} 23. Nd3 {[%emt 0:01:36]} Nf6 {[%emt 0:00:11]} 24. Naxc5 {[%emt 0:01:19]} Nd7 {[%emt 0:04:47]} 25. b4 {[%emt 0:00:26]} a5 {[%emt 0:04:18]} 26. a3 {[%emt 0:00:06]} axb4 {[%emt 0:00:06]} 27. axb4 {[%emt 0:00:06]} Nf6 {[%emt 0:05:43]} 28. Ne1 {[%emt 0:05:12]} Nd5 {[%emt 0:01:11]} 29. Na6 {[%emt 0:00:36]} Rxc2 {[%emt 0:06:45]} 30. Rxc2 {[%emt 0:00:06]} Ra8 {[%emt 0:00:02]} 31. b5 {[%emt 0:00:44]} Nb4 {[%emt 0:02:40]} 32. Nxb4 {[%emt 0:01:04]} Bxb4 {[%emt 0:00:01]} 33. Nd3 {[%emt 0:00:10]} Bd6 {[%emt 0:00:01]} 34. Rc6 {[%emt 0:02:52]} Rd8 {[%emt 0:00:05]} 35. b6 {[%emt 0:01:16]} Kf8 {[%emt 0:00:36]} 36. b7 {[%emt 0:00:22]} Ke7 {[%emt 0:00:36]} 37. Rc8 {[%emt 0:00:06]} g5 {[%emt 0:02:21]} 38. Nb4 {[%emt 0:02:53]} Rd7 {[%emt 0:00:44]} 39. b8=Q 1-0

[Event "Vienna Chess Open 2019"]
[Site "Vienna"]
[Date "2019.08.19"]
[Round "4.3"]
[White "Steindl, Johannes"]
[Black "Kojima, Shinya"]
[Result "0-1"]
[WhiteElo "2277"]
[BlackElo "2277"]
[Annotator "TA"]
[PlyCount "100"]
[EventDate "2019.08.17"]
[EventType "swiss"]
[EventCountry "AUT"]
[SourceTitle "playchess.com"]
[Source "ChessBase"]
[SourceQuality "1"]

{[%evp 9,100,13,11,20,24,24,23,5,33,12,16,16,6,-10,-3,-10,-8,-4,-10,-4,0,-26,-14,-37,-29,-54,-38,-42,-41,-84,-97,-87,-78,-187,-186,-182,-182,-181,-174,-183,-195,-181,-185,-216,-225,-251,-241,-254,-257,-244,-270,-262,-262,-268,-268,-253,-216,-289,-289,-372,-367,-413,-420,-475,-421,-494,-488,-492,-500,-465,-487,-459,-477,-458,-381,-508,-502,-501,-505,-493,-493,-662,-651,-554,-737,-653,-589,-5685,-2857,-6119,-5509,-5509,-5412]} 1. e4 c6 2. d4 d5 3. f3 e6 4. Nc3 Qb6 (4... Bb4 5. a3 Bxc3+ 6. bxc3 dxe4 7. a4 c5 8. Ba3 cxd4 9. Qxd4 Qxd4 10. cxd4 Nf6 11. fxe4 Nxe4 12. Bd3 f5 {1-0 (34) Zvjaginsev,V (2642)-Riazantsev,A (2649) Moscow 2018}) 5. a3 Nd7 6. Be3 {B12: Caro-Kann: Advance Variation} Ngf6 7. Be2 dxe4 8. fxe4 {White has an edge.} Be7 9. e5 $146 ({Predecessor:} 9. Nh3 O-O 10. Qd2 Qxb2 11. O-O {1-0 (21) Polsterer,H (2429)-Rydholm,L (2524) ICCF email 2015}) 9... Nd5 $1 {[%cal Rd5e3]} 10. Nxd5 exd5 11. Qc1 O-O 12. Nf3 f6 13. exf6 Nxf6 14. O-O Ne4 15. Ne5 Be6 16. Bd3 Rxf1+ 17. Kxf1 Rf8+ 18. Kg1 c5 19. c3 cxd4 $1 20. cxd4 Rc8 $1 $36 {[%cal Rc8c1][%mdl 2048] Black is really pushing.} 21. Qb1 (21. Qe1 $17 {keeps fighting.}) 21... Bg5 $19 22. Qe1 Qxb2 23. Rb1 Bxe3+ ({Much less strong is} 23... Qxa3 24. Bxg5 Nxg5 25. h4 $15) 24. Qxe3 Qxa3 25. h3 b6 26. Qe1 Qc3 27. Qe3 Qd2 28. Qxd2 Nxd2 29. Rd1 Nb3 30. Ba6 Rc3 31. Kf2 Bc8 32. Bb5 a5 33. Ba4 Bf5 34. Kg1 h6 35. Rf1 Nxd4 36. Be8 Be6 37. Ng6 {[#] Threatening mate with Rf8+.} Rc1 $1 {[%mdl 512]} 38. Ne7+ {[#]} (38. Rxc1 Ne2+) 38... Kh7 $1 39. Rxc1 {Bg6+ would kill now.} Ne2+ {[%mdl 64] Double Attack} 40. Kf2 Nxc1 {[%mdl 4096] Endgame KBN-KBN} 41. Ke3 g5 42. Kd4 Kg7 {Hoping for ...Kf8.Black is clearly winning.} 43. Bb5 Nb3+ 44. Ke5 Nc5 45. g3 Kf7 46. Nxd5 Bxd5 47. Kxd5 a4 {[%cal Ba5a4,Ba4a3][%mdl 32]} 48. Kc6 a3 49. Kxb6 Ne4 50. g4 Nc3 {Accuracy: White = 39%, Black = 94%.} 0-1

[Event "Vienna Chess Open 2019"]
[Site "Vienna"]
[Date "2019.08.19"]
[Round "4.4"]
[White "Hertneck, Gerald"]
[Black "Miedema, David"]
[Result "1/2-1/2"]
[WhiteElo "2495"]
[BlackElo "2371"]
[Annotator "ChessBase"]
[PlyCount "27"]
[EventDate "2019.08.17"]
[EventType "swiss"]
[EventCountry "AUT"]
[SourceTitle "playchess.com"]
[Source "ChessBase"]
[SourceQuality "1"]
[TimeControl "40/5400+30:1800+30"]

1. d4 {[%emt 0:00:00]} Nf6 {[%emt 0:00:52]} 2. c4 {[%emt 0:00:00]} e6 {[%emt 0:00:06]} 3. Nf3 {[%emt 0:00:00]} d5 {[%emt 0:00:05]} 4. Nc3 {[%emt 0:00:00]} c6 {[%emt 0:01:02]} 5. cxd5 {[%emt 0:01:11]} exd5 {[%emt 0:00:18]} 6. Bg5 {[%emt 0:00:07]} Be7 {[%emt 0:02:01]} 7. Qc2 {[%emt 0:00:25]} g6 {[%emt 0:09:00]} 8. e3 {[%emt 0:00:07]} Bf5 {[%emt 0:00:04]} 9. Bd3 {[%emt 0:00:05]} Bxd3 {[%emt 0:00:28]} 10. Qxd3 {[%emt 0:00:07]} Nbd7 {[%emt 0:02:22]} 11. Bf4 {[%emt 0:01:32]} Nh5 {[%emt 0:01:59]} 12. Bh6 {[%emt 0:00:23]} Bf8 {[%emt 0:00:15]} 13. Bg5 {[%emt 0:00:47]} Be7 {[%emt 0:00:45]} 14. Bh6 {[%emt 0:00:06]} 1/2-1/2